| 000 | 01038nam a22002777a 4500 | ||
|---|---|---|---|
| 001 | 7629 | ||
| 003 | FISKH | ||
| 005 | 20250728141703.0 | ||
| 008 | 250728b cb ||||| |||| 00| 0 eng d | ||
| 020 | _a429200012376 | ||
| 040 |
_aFISKH _beng _cFISKH _dFISKH049 |
||
| 050 | _aPZ7 | ||
| 082 | _a049 | ||
| 100 | _aDaly, Kathleen N. | ||
| 245 |
_aA house for a mouse / _cWritten by Kathleen N. Daly ; Illustrated by John P. Miller |
||
| 260 |
_aNew York : _bWestern Publishing Company, _c1990. |
||
| 300 |
_a24 unnumbered pages : _bcolor illustrations ; _c21 cm |
||
| 505 | _aG | ||
| 520 | _aJonathan searches for a new home and looks at places where Duck, Frog, Bird, Squirrel, Bear, Rabbit and Fox live, but decides they're not for him. Then he meets Emily Mouse, and the two find a solution just the right thing. | ||
| 521 | 8 |
_a380
_bLexile estimate |
|
| 521 | 8 |
_aG
_bRaz-Plus |
|
| 650 |
_aChildren's Books _vMouse _xPicture Book |
||
| 700 |
_aMiller, John P. _eillustrator |
||
| 942 |
_2ddc _cBK _n0 |
||
| 999 |
_c7629 _d7629 |
||